El milagro programado : las verdaderas razones del triunfo económico japonés /

El autor trata sobre la cultura empresarial de los japoneses, como el estilo de hacer negocios y las actitudes de los involucrados en los diferentes procesos administrativos. Su planteamiento combina los diez años de experiencia como director de una compañía norteamericana en Japón y la visión de lo...

Бүрэн тодорхойлолт

-д хадгалсан:
Номзүйн дэлгэрэнгүй
Үндсэн зохиолч: Gibney, Frank (autor)
Формат: Ном
Хэл сонгох:испани
Хэвлэсэн: Caracas, Venezuela : Planeta, 1984, c1984
Цуврал:(La Sociedad Económica)
Нөхцлүүд:
Шошгууд: Шошго нэмэх
Шошго байхгүй, Энэхүү баримтыг шошголох эхний хүн болох!

MARC

LEADER 00000nam^a2200000^a^4500
001 000332531
005 20250521000000.0
009 20260310114106.775
020 |a 84-320-7862-X 
037 |a Acervo Xavier Clavigero 
041 |a ESP 
082 |a 658. 00952  |b GIB 
100 |a Gibney, Frank  |e (autor) 
245 1 3 |a El milagro programado :  |b las verdaderas razones del triunfo económico japonés /  |c F. Gibney ; tr. por Pere Rubiralta. 
264 4 |a Caracas, Venezuela :  |b Planeta,  |c 1984, c1984 
300 |a 278 p. 
336 |a texto  |b txt  |2 rdacontenido 
337 |a sin mediación  |b n  |2 rdamedio 
338 |a volumen  |b nc  |2 rdasoporte 
440 3 |a (La Sociedad Económica) 
500 |a Traducción de: Miracle by Design 
520 |a El autor trata sobre la cultura empresarial de los japoneses, como el estilo de hacer negocios y las actitudes de los involucrados en los diferentes procesos administrativos. Su planteamiento combina los diez años de experiencia como director de una compañía norteamericana en Japón y la visión de los negocios en Norteamérica. 
649 |a XX 
650 |a Estrategia en los Negocios 
650 |a Empresas -  |z Japón -  |x Administración -  |x Tema Principal 
650 |a Empresas -  |z EUA -  |x Administración 
650 |a Estrategia en los Negocios -  |z Japón 
650 |a Cultura Organizacional -  |z Japón 
650 |a Proceso Administrativo -  |x Dirección 
650 |a Proceso Administrativo -  |z Japón 
650 |a Recursos Humanos -  |z Japón -  |x Dirección 
650 |a Filosofía Empresarial -  |z Japón -  |x Tema Principal 
650 |a Ciencias Administrativas 
910 |a Fondo General 
920 |a Impresos - Libros 
930 |a Colección General 
905 |a 101 
901 |a 0500222322  |b IT1  |c ACC  |u 20250521 
902 |a https://opac.biblio.iteso.mx/vufind/Record/000332531